LIBRARY & INFORMATION CENTRE, KCAET, TAVANUR

ONLINE PUBLIC ACCESS CATALOGUE (OPAC)

Great expectations / (Record no. 2609)

MARC details
000 -LEADER
fixed length control field 00413cam a2200169ua 4500
041 ## - LANGUAGE CODE
Language code of text/sound track or separate title eng
082 ## - DEWEY DECIMAL CLASSIFICATION NUMBER
Classification number 823.308
Item number DIC/GR
100 ## - MAIN ENTRY--AUTHOR NAME
Personal name Dickens, Charles.
245 ## - TITLE STATEMENT
Title Great expectations /
250 ## - EDITION STATEMENT
Edition statement 1 /
260 ## - PUBLICATION, DISTRIBUTION, ETC. (IMPRINT)
Place of publication London :
Name of publisher J M Dent and Sons Ltd ,
Year of publication 1958.
300 ## - PHYSICAL DESCRIPTION
Number of Pages 474 ; .
942 ## - ADDED ENTRY ELEMENTS (KOHA)
Koha item type Books
Holdings
Withdrawn status Lost status Damaged status Home library Current library Date acquired Full call number Accession Number Koha item type
Withdrawn     KAUAET KAUAET 16/11/2023 823.308 DIC/GR 11129 Books
Withdrawn     KAUAET Malayalam University 13/11/2023 823.308 DIC/GR 11092 Books
Withdrawn     KAUAET Sanskrit University 07/04/2012 823.308 DIC/GR 4441 Books
Withdrawn     KAUAET Sanskrit University 07/04/2012 823.308 DIC/GR 10144 Books
free website counter